Flags of Landlocked Countries - Sudden Death - Statistics

General Stats
  • This quiz has been taken 4,131 times
  • The average score is 9 of 20
Answers on the Grid
Answers color-coded by a green-red scale on the quiz's grid according to % correct below.
 
Answer Stats
Answer % Correct
64%
60%
59%
56%
56%
56%
54%
50%
47%
46%
44%
44%
43%
42%
41%
38%
38%
37%
36%
31%
No matching quizzes found
Score Distribution
Percent of People with Each Score
Percentile by Number Answered
Your Score History
You have not taken this quiz